Gaceta de Barcelona : de avisos, política y noticias de avisos, política y noticias
Descripción Física:
24 cm
MARC
| LEADER | 00000nam a2200000Ia 4500 | ||
|---|---|---|---|
| 001 | |||
| 008 | 160829s1877 xx 000 0 cat d | ||
| 008 | 160829s9999 xx 000 0 cat d | ||
| 080 | |a 1379, exp. 33 | ||
| 245 | |a Gaceta de Barcelona : |b de avisos, política y noticias | ||
| 250 | |a Ed. de la tarde | ||
| 260 | |a Barcelona : |b imprenta a cargo de Eniruqe Redondo, |c 1877 | ||
| 300 | |a 24 cm | ||
| 362 | |a Año 1, no. 1 (1873)-año 6, no. 254 (31 jul. 1878) | ||
| 590 | |a Diària. | ||
| 590 | |a Descripció basada en: Any 5, núm. 887 (15 març 1877). | ||
| 590 | |a El Subtítol apareix a partir de: Año 4, no. 222 (1 jun. 1876). | ||
| 590 | |a Va patir nombroses suspencions, apareixent amb els següents títols: El Anunciador de Barcelona (oct.-nov. 1877) i El Comercio de Barcelona (març-maig 1878). | ||
| 590 | |a Continuada per: Gaceta de Cataluña | ||
| 650 | |a Informació general |x Barcelona |x Revistes |9 48310 | ||
| 650 | |a Política |x Barcelona |x Diaris |x Revistes |9 48311 | ||
| 866 | |a Any 5, 1877 (887) | ||
| 901 | |a Arxiu | ||
| 942 | |n 1 | ||
| 952 | |0 0 |1 0 |4 0 |6 1379_EXP_33 |7 1 |9 54459 |a Arxiu |b Arxiu |d 2016-12-01 |l 0 |o 1379, exp. 33 |r 2016-12-01 00:00:00 |w 2016-12-01 |y ARXIU | ||
| 999 | |c 58328 |d 58328 | ||